|
|
|
|
| LEADER |
00807nam a2200217 4500 |
| 001 |
31594 |
| 003 |
BD-DhAAL |
| 005 |
20170226105233.0 |
| 008 |
170226s2016 bg ||||| ||||l00| 0 eng d |
| 020 |
|
|
|a 9789843411396
|
| 082 |
|
|
|2 23
|a 362.88088042
|
| 245 |
|
|
|a Report on violence against women (VAW) survey 2015
|
| 260 |
|
|
|a Dhaka :
|b Bangladesh Bureau of Statistics,
|c 2016
|
| 300 |
|
|
|a 178 pages :
|b illustrations ;
|c 28 cm.
|
| 526 |
|
|
|a BIGD
|
| 541 |
|
|
|e 31594
|
| 650 |
|
|
|a Women
|x Crimes against
|z Bangladesh
|9 20999
|
| 710 |
|
|
|a Bangladesh Bureau of Statistics
|9 21000
|
| 942 |
|
|
|2 ddc
|c BK
|
| 999 |
|
|
|c 37964
|d 37964
|
| 952 |
|
|
|0 0
|1 0
|2 ddc
|4 0
|6 362_880880420000000_REP
|7 0
|9 60008
|a IGS
|b IGS
|c GEN
|d 2017-02-08
|e Bangladesh Bureau of Statistics
|g 400.00
|l 0
|o 362.88088042 REP
|p 3010031594
|r 2017-02-23
|t 1
|v 400.00
|w 2017-02-08
|y BK
|